00585nam a2200169 a 450000100100000000500170001000800410002704000250006810000320009324500480012525000110017326000800018430000200026404900090028495201050029399900170039800002833720200930031543.0110408s1973 dr 000 0 spa d aDO-SdBNPbspacBNPHU1 aSantana, Julio Cesar93608610aMosaicos orientales /cJulio Cesar Santana. a2a ed. aSan Pedro de Macorís, República Dominicana :bImprenta Esfuerzo,c1973. a24 P. ;c21 cm. aBNPD 0010718PDaPDbPDcHDd2011-04-08iLF1l0o p28337-10r2020-06-25w2020-06-25yLFPDZNo se presta c27829d27829